000 00230nam a2200097Ia 4500
008 240331s9999 xx 000 0 und d
082 _bILA
100 _aSarvanandan,M. ed
245 0 _aIlangei lpurladara seerthiruthangal
942 _cL
999 _c4967
_d4967